Máy tính điện tử trong kinh tế

محفوظ في:
التفاصيل البيبلوغرافية
المؤلف الرئيسي: Nguyễn Bá Hào
التنسيق: كتاب
اللغة:Vietnamese
منشور في: H. Khoa học và kỹ thuật 1983
الموضوعات:
الوسوم: إضافة وسم
لا توجد وسوم, كن أول من يضع وسما على هذه التسجيلة!
Thư viện lưu trữ: Mạng thư viện Đại học Đà Nẵng
LEADER 01408nam a2200337 4500
001 000009623
003 5820
005 20111031091040.0
008 111031s1983 viesd
020 |c 5100đ 
041 0 |a vie 
082 |a 004  |b NG-Đ 
100 0 |a Nguyễn Bá Hào 
245 0 |a Máy tính điện tử trong kinh tế  |c Nguyễn Bá Hào 
260 |a H.  |b Khoa học và kỹ thuật  |c 1983 
300 |a 168 tr.  |c 19 cm. 
500 |a Thư mục cuối sách 
504 |a Vai trò của máy tính điện tử trong các ngành kinh tế, ứng dụng trong nôn nghiệp. Kiến thức tối thiểu về máy tính, chương trình các bài toán chủ yếu ứng dụng và ngành kinh tế, tự động hoá quản lý kinh tế trong: xí nghiệp, ngành, toàn quốc. Lưu giữ và tìm kiếm thông tin 
653 |a Máy tính điện tử 
653 |a Kinh tế 
910 |a Huỳnh Thị Cẩm Lai  |d 31/10/2011 
OWN |a LSP 
AVA |a UDN50  |b LSP  |d 004 NG-Đ  |e available  |t Error 5001 Not defined in file expand_doc_bib_avail.  |f 1  |g 0  |h N  |i 0  |k 1 
999 |a From the UDN01 
AVA |a UDN50  |b LSP  |d 004 NG-Đ  |e available  |t Error 5001 Not defined in file expand_doc_bib_avail.  |f 1  |g 0  |h N  |i 0  |k 1 
TYP |a Monograph 
TYP |a Printed language 
980 |a Mạng thư viện Đại học Đà Nẵng